| Tag |
First Indicator |
Second Indicator |
Subfields |
| LEADER |
00000cam a2200000 4500 |
| 001 |
in00000282951 |
| 005 |
20151010090915.0 |
| 008 |
780830s1964 enk 00010 engmd |
| 010 |
|
|
|a 66004404
|
| 035 |
|
|
|a (OCoLC)04178403
|
| 035 |
|
|
|9 ABG4960AM
|
| 040 |
|
|
|a DLC
|c ABC
|d ABC
|d TXA
|d UtOrBLW
|
| 049 |
|
|
|a TXAM
|c [432538]
|
| 050 |
0 |
0 |
|a DT38.9.R8
|b H3
|
| 082 |
0 |
|
|a 327.4706
|
| 100 |
1 |
|
|a Hamrell, Sven.
|
| 245 |
1 |
4 |
|a The Soviet bloc, China, and Africa ;
|b [papers] /
|c edited by Sven Hamrell and Carl Gosta Widstrand. Contributors: W. A. C. Adie [and others].
|
| 264 |
|
1 |
|a London :
|b Published for the Scandinavian Institute of African Studies, Uppsala [by] Pall Mall Press,
|c [1964]
|
| 300 |
|
|
|a 173 pages ;
|c 21 cm.
|
| 336 |
|
|
|a text
|b txt
|2 rdacontent
|
| 337 |
|
|
|a unmediated
|b n
|2 rdamedia
|
| 338 |
|
|
|a volume
|b nc
|2 rdacarrier
|
| 500 |
|
|
|a The first international seminar of the Scandinavian Institute of African Studies, held at the University of Uppsala, Nov. 25-27, 1963.
|
| 504 |
|
|
|a Bibliographical references included in "Notes" (pages 159-170).
|
| 651 |
|
0 |
|a Africa
|x Foreign relations
|z Soviet Union
|x Congresses.
|
| 651 |
|
0 |
|a Soviet Union
|x Foreign relations
|z Africa
|x Congresses.
|
| 651 |
|
0 |
|a China
|x Foreign relations
|z Africa
|x Congresses.
|
| 651 |
|
0 |
|a Africa
|x Foreign relations
|z China
|x Congresses.
|
| 700 |
1 |
|
|a Widstrand, Carl Gösta.
|
| 710 |
2 |
|
|a Nordiska Afrikainstitutet.
|
| 710 |
2 |
|
|a Uppsala universitet.
|
| 999 |
|
|
|a MARS
|
| 999 |
f |
f |
|s 88a0e73a-6921-35e7-9a8c-c5891b67ca51
|i f9403e6e-3493-33ba-ace6-32fe355aeed4
|t 0
|
| 952 |
f |
f |
|p ric
|a Texas A&M University
|b Rellis Campus
|c Joint Library Facility
|d Remote Storage
|t 0
|e DT38.9.R8 H3
|h Library of Congress classification
|i unmediated -- volume
|m A14802085833
|
| 998 |
f |
f |
|a DT38.9.R8 H3
|t 0
|l Remote Storage
|